000 005990000a22001810004500
999 _c54009
_d54009
001 768714001
003 CO-MdFUSB
005 20170810125619.0
008 170810s1999 xxu||||| |||| 00| 0 eng d
022 _a0098-9444
040 _aCO-MdFUSB
_bspa
_cCO-MdFUSB
_dCO-MdFUSB
041 _aeng
245 1 0 _aThe churches of Revelation :
_bLaodicea, Smyrna and Philadelphia
300 _aVolumen 25. Número 1 (1999), Páginas 76-77
_c28 cm.
546 _aTexto en inglés
773 0 _tBiblical Archaeology Review
_049395
_959481
_gVolumen 25. Número 1 (1999), Páginas 76-77
_qPágina 76
942 _cANA